El exilio de la palabra: ensayos en torno a lo judío
Αποθηκεύτηκε σε:
| Κύριος συγγραφέας: | |
|---|---|
| Μορφή: | Βιβλίο |
| Γλώσσα: | Ισπανικά |
| Έκδοση: |
Santiago
LOM
1997
|
| Σειρά: | La Invención y la Herencia
|
| Θέματα: | |
| Ετικέτες: |
Προσθήκη ετικέτας
Δεν υπάρχουν, Καταχωρήστε ετικέτα πρώτοι!
|
MARC
| LEADER | 00000nam a2200000 a 4500 | ||
|---|---|---|---|
| 001 | UCN0734 | ||
| 003 | CL-VaPUC | ||
| 008 | 010330e19970000CL |||||||||||||||||spa|d | ||
| 082 | 0 | 4 | |a 296 |b FOR |2 21 |
| 100 | 0 | |a Forster, Ricardo |e author |9 455935 | |
| 245 | 1 | 3 | |a El exilio de la palabra: ensayos en torno a lo judío |
| 300 | |a 192 p | ||
| 942 | |c BK | ||
| 945 | |d 20010330 00:00:00 |a cmena | ||
| 260 | |a Santiago |b LOM |c 1997 | ||
| 650 | 7 | |a JUDAISMO - ENSAYOS |2 CL-VaPUC |9 455936 | |
| 650 | 0 | |a Filosofía de la religión |9 256017 | |
| 583 | |a last modification |c 20010330 00:00:00 |k Rodrigo Vera | ||
| 490 | 0 | |a La Invención y la Herencia | |
| 999 | |c 294364 |d 294362 | ||
| 952 | |0 0 |1 0 |4 0 |6 296_000000000000000_FOR_1997 |7 0 |8 A |9 346647 |a FDOPOS |b FDOPOS |d 2019-11-20 |i 370825K |o 296 FOR 1997 |p 370825K |r 2025-01-22 |w 2019-11-20 |y BK |k MLH | ||